000 00313nam a22001337a 4500
008 171031b xxu||||| |||| 00| 0 eng d
020 _a9780132222129
041 _aeng
080 _a33
100 _a58
101 _aBUS
245 _aHUMAN RESOURCES MANAGEMENT AND SUPERVISION
_cROBERT .K
942 _2udc
_cBK
999 _c36684
_d36684